| 000 | 00493nam a2200169 a 4500 | ||
|---|---|---|---|
| 005 | 20140412111303.0 | ||
| 008 | 001109s19uu xx 00 eng d | ||
| 020 | _a971-529-019-1 | ||
| 050 |
_aFil E _bOw2 1999 |
||
| 100 | _aGatchalian, Elmer L. | ||
| 245 |
_aSi Owel and batang matakaw / _ckuwento ni Elmer L. Gatchalian ; guhit ni Mary Dans Lee. |
||
| 260 |
_aManila : _bUNICEF, _c1999. |
||
| 300 | _a[27] p. ; ill. | ||
| 650 | _aFables | ||
| 650 | _aChildren's stories | ||
| 999 |
_c103531 _d103531 |
||